000 00478nam a2200181Ia 4500
003 OSt
005 20201117094521.0
008 190216s9999||||xx |||||||||||||| ||und||
020 _a8171806252
040 _coclc
082 _a894.8123
_bPUL/K
100 _aPulickan
_96459
245 0 _aKaikkaran /
_cPulickan
260 _bPoorna Pubs,
_c1998.
_aKozhikode:
300 _a398p
650 _aNovel
942 _cBK
_2ddc
_h894.8123
_iPUL/K
_k894.8123
_mPUL/K
999 _c28287
_d28287